000 00857nam a2200217 a 4500
003 0
005 20250331120852.0
008 050809s19uu xx 00 eng d
050 _aPGS BF 723.S3
_b.An581 2005
100 _aAngeles, Princess Ann Maffie P.
245 _aPerception of the lower school students on mendicant children /
_cPrincess Ann Maffie P. Angeles.
260 _aLas Piñas City, Philippines :
_bSouthville International School and Colleges,
_c2005.
300 _a25 pages :
_billustrations ;
_c28 cm.
504 _aIncludes bibliographical references.
650 _aMendicant children
_vSocial conditions.
650 _aChild beggars
_vPublic perception.
650 _aStreet children
_vSocial aspects.
650 _aChildren and poverty
_vPublic attitudes.
650 _aChildren’s perception of poverty.
942 _2lcc
_cPASS
999 _c97337
_d97337